LEADER 00824nam a2200241 i 4500 001 991001503939707536 005 20020507130712.0 008 010927s|||| ||| ||| | fre 020 $a2851153293 035 $ab10229942-39ule_inst 035 $aLE02987349$9ExL 040 $aISUFI - Sett. Diritti e Politiche Euromediterranee$bita 082 0 $a343 245 10$aTunisie :$bfiscal /$cDossiers internationaux Francis Lefebvre 260 $bEditions Francis Lefebvre, 300 $a328 p. ;$c23 cm. 650 4$aTunisia 907 $a.b10229942$b04-10-06$c27-06-02 912 $a991001503939707536 945 $aLE029 343 LEF1.01 CSFI$g1$iLE029-2891$lle029$o-$pE0.00$q-$rn$so $t0$u1$v0$w1$x0$y.i10279775$z27-06-02 996 $aTunisie$9207779 997 $aUNISALENTO 998 $ale029$b01-01-01$cm$da $e-$feng$gxx $h0$i1